| 000 | 01584cam a2200409 a 4500 | ||
|---|---|---|---|
| 001 | 22323 | ||
| 003 | VRT | ||
| 005 | 20260326134604.0 | ||
| 008 | 160314s1993 xo j 0000f slo | ||
| 015 | _aSNBA1993/05 | ||
| 020 | _a8006005362 | ||
| 020 | _a8006002509 (sub.) | ||
| 035 | _aSNK000014364 | ||
| 039 | 9 |
_a202003221623 _bcsnk01 _c202003221619 _dcsnk01 _c201603142120 _dVLOAD _c201306061344 _dVLOAD |
|
| 040 |
_aSNK _bslo _cSNK _eAACR2 |
||
| 041 | 1 |
_aslo _heng |
|
| 044 |
_axo _cSK |
||
| 080 |
_a820 (71)-3 _21981 |
||
| 100 | 1 |
_aMontgomery, Lucy Maud, _d1874-1942 _4aut |
|
| 240 | 1 | 0 |
_aAnne's House of Dreams _lSlovensky |
| 245 | 1 | 0 |
_aAnnin vysnívaný domov _cLucy Maud Montgomeryová ; [z anglického originálu Anne's House of Dreams ... preložila Elena Dzurillová] |
| 250 | _a1. vyd. | ||
| 260 |
_aBratislava _bMladé letá _c1993 _eNitra _fNitrianske tlačiarne |
||
| 300 |
_a188 s. _c20 cm |
||
| 490 | 1 | _aČajka | |
| 655 | 7 |
_akanadské romány (anglicky) _2SNKPH |
|
| 655 | 7 |
_adievčenské romány _2SNKPH |
|
| 700 | 1 |
_aDzurillová, Elena, _d1930- _4trl |
|
| 830 | 0 | _aČajka | |
| 942 |
_2ddc _cKLDO _n0 |
||
| 949 |
_617A0299396 _9P60, <05>, [BOOK], {605} _asnkSC 83668 D1 _bsnkKSP 3826/93 |
||
| 949 |
_6270001000013591 _asvkbbA 83513 _bsvkbbm 577996 |
||
| 949 |
_617A1009753 _asnkSC 83668 |
||
| 949 |
_6273K0532427 _asvkpoA 151749/IV _bsvkpo393538 _oPV 3519/93 _qvytrhnutý titul. list _rvytrhnutý titul. list |
||
| 949 |
_63830001137445 _akurukT1/MONT1-6 _bkuruk2020/F1470 _oD2020/Jablonský, Tomáš/PF KU/21.5.2020 |
||
| 999 |
_c22323 _d22323 |
||